Personnages par images - Harry Potter - Statistiques

Statistiques générales
  • Ce quiz a été pris 43 fois
  • Le résultat moyen est 14 sur 16
Statistiques - réponses
Par images Réponse % Correct
Harry Potter
100%
Dolores Ombrage
95%
Hermione Granger
92%
Luna Lovegood
92%
Ron Weasley
92%
Cédric Diggory
89%
Fleur Delacour
89%
Neville Londubat
89%
Severus Rogue
89%
Remus Lupin
87%
Sirius Black
87%
Arthur Weasley
84%
George Weasley
84%
Dudley Dursley
82%
Pétunia Dursley
82%
Fumseck
79%
Aucun quiz correspondant
Distribution des résultats
% des personnes avec chaque résultat
Percentile par nombre de réponses
Votre historique - résultats
Vous n’avez pas pris ce quiz